[Event "Oberliga Nord O 2324"]
[Site "Germany"]
[Date "2024.04.28"]
[Round "9.7"]
[White "Dathe, Frederick"]
[Black "Jahn, Thomas"]
[Result "1-0"]
[WhiteElo "2206"]
[BlackElo "2176"]
[PlyCount "63"]
[EventDate "2023.10.22"]
[EventType "team-tourn"]
[EventRounds "9"]
[EventCountry "GER"]
[SourceTitle "EXT 2025"]
[Source "ChessBase"]
[SourceDate "2024.10.14"]
[SourceVersion "1"]
[SourceVersionDate "2024.10.14"]
[SourceQuality "1"]
[WhiteTeam "Kreuzberg"]
[BlackTeam "Berlin Empor"]
[WhiteTeamCountry "GER"]
[BlackTeamCountry "GER"]

1. c4 e5 2. g3 Nf6 3. Bg2 c6 4. Nf3 e4 5. Nd4 d5 6. cxd5 Qxd5 7. e3 Qe5 8. f4 exf3 9. Nxf3 Qh5 10. 0-0 Be7 11. Nc3 0-0 12. d4 Na6 13. e4 Be6 14. Qe2 Rfe8 15. Be3 Bd8 16. Rad1 h6 17. Qc2 Ng4 18. Bf4 g5 19. Bc1 Nb4 20. Qb1 Bc7 21. e5 f6 22. h3 Nxe5 23. dxe5 Bb6+ 24. Kh2 f5 25. Nd4 f4 26. Nxe6 fxg3+ 27. Kxg3 Rxe6 28. Rd7 Rg6 29. Qf5 Rg7 30. Rxg7+ Kxg7 31. Qd7+ Kg8 32. Be4 1-0

[Event "Oberliga Nord O 2324"]
[Site "Germany"]
[Date "2023.12.03"]
[Round "3.6"]
[White "Jahn, Thomas"]
[Black "Dettmann, Gerd"]
[Result "1-0"]
[WhiteElo "2176"]
[BlackElo "2120"]
[PlyCount "81"]
[EventDate "2023.10.22"]
[EventType "team-tourn"]
[EventRounds "9"]
[EventCountry "GER"]
[SourceTitle "EXT 2025"]
[Source "ChessBase"]
[SourceDate "2024.10.14"]
[SourceVersion "1"]
[SourceVersionDate "2024.10.14"]
[SourceQuality "1"]
[WhiteTeam "Berlin Empor"]
[BlackTeam "Guestrow/Teterow"]
[WhiteTeamCountry "GER"]
[BlackTeamCountry "GER"]

1. e4 c5 2. Nf3 d6 3. d4 cxd4 4. Nxd4 Nf6 5. Nc3 a6 6. Bg5 Nbd7 7. Qe2 e6 8. f4 Qc7 9. Bxf6 Nxf6 10. 0-0-0 Be7 11. g4 d5 12. e5 Nd7 13. Bg2 Nb6 14. h4 Bd7 15. Rh3 0-0-0 16. Nxd5 exd5 17. Rc3 Bc5 18. b4 Na4 19. Rdd3 Kb8 20. bxc5 Nxc3 21. Rxc3 Qa5 22. Qe3 Bc6 23. Bf1 Rc8 24. Nf5 Rc7 25. Nd6 Bb5 26. Bxb5 axb5 27. c6 b4 28. Rc5 Qb6 29. Qd4 Rxc6 30. Rxd5 Qa6 31. Rb5 Qa3+ 32. Kb1 Rc7 33. Rxb4 Qf3 34. Ra4 Rd7 35. Qa7+ Kc7 36. Rc4+ Kd8 37. Rc8+ Ke7 38. Nf5+ Ke6 39. Qb6+ Kd5 40. Rc5+ Ke4 41. Qb4+ 1-0

[Event "Oberliga Nord O 2324"]
[Site "Germany"]
[Date "2023.10.22"]
[Round "1.8"]
[White "Jahn, Thomas"]
[Black "Acikel, Mert"]
[Result "0-1"]
[WhiteElo "2176"]
[BlackElo "2222"]
[PlyCount "66"]
[EventDate "2023.10.22"]
[EventType "team-tourn"]
[EventRounds "9"]
[EventCountry "GER"]
[SourceTitle "EXT 2025"]
[Source "ChessBase"]
[SourceDate "2024.10.14"]
[SourceVersion "1"]
[SourceVersionDate "2024.10.14"]
[SourceQuality "1"]
[WhiteTeam "Berlin Empor"]
[BlackTeam "Koenig Tegel"]
[WhiteTeamCountry "GER"]
[BlackTeamCountry "GER"]

1. e4 e5 2. f4 d5 3. exd5 exf4 4. Nf3 Nf6 5. Be2 Nxd5 6. c4 Nf6 7. Nc3 Be6 8. d4 c6 9. 0-0 h6 10. Bd3 g5 11. Ne4 Nxe4 12. Bxe4 Nd7 13. b3 Nf6 14. Bc2 Bd6 15. Bb2 Be7 16. Re1 Qc7 17. d5 cxd5 18. cxd5 Rd8 19. Rc1 Rxd5 20. Qe2 Qb6+ 21. Kh1 g4 22. Ne5 Rg8 23. Be4 Rd8 24. Nc4 Qa6 25. Bf5 f3 26. Qe5 fxg2+ 27. Kg1 Rg5 28. Ne3 Qb6 29. Kxg2 Rd2+ 30. Kh1 Rxf5 31. Nxf5 Bd5+ 32. Qxd5 Nxd5 33. Ba3 Qf2 0-1

[Event "Oberliga Nord O 2223"]
[Site "Germany"]
[Date "2023.04.23"]
[Round "8.4"]
[White "Zentgraf, Robert"]
[Black "Jahn, Thomas"]
[Result "1/2-1/2"]
[WhiteElo "2171"]
[BlackElo "2164"]
[PlyCount "106"]
[EventDate "2022.10.23"]
[EventType "team-tourn"]
[EventRounds "9"]
[EventCountry "GER"]
[SourceTitle "EXT 2025"]
[Source "ChessBase"]
[SourceDate "2024.10.14"]
[SourceVersion "1"]
[SourceVersionDate "2024.10.14"]
[SourceQuality "1"]
[WhiteTeam "Torgelow Droegeheide"]
[BlackTeam "Berlin Empor"]
[WhiteTeamCountry "GER"]
[BlackTeamCountry "GER"]

1. d4 c5 2. e4 cxd4 3. Nf3 Qa5+ 4. c3 e5 5. Bc4 Nf6 6. Qb3 d5 7. exd5 Bd6 8. Bd2 d3 9. Bxd3 Qxd5 10. Bc4 Qe4+ 11. Be3 0-0 12. Nbd2 Qg6 13. h3 Nbd7 14. Nh4 Qh5 15. g4 Qxh4 16. Nf3 Qh6 17. Bxh6 gxh6 18. 0-0-0 Be7 19. g5 Ne4 20. gxh6 Ndc5 21. Qc2 Bf5 22. Rhg1+ Kh8 23. Qe2 Na4 24. Bd5 Naxc3 25. bxc3 Ba3+ 26. Qb2 Bxb2+ 27. Kxb2 Nxf2 28. Rdf1 Nd3+ 29. Ka1 Nf4 30. Nxe5 Nxd5 31. Rxf5 f6 32. Nd7 Ne7 33. Rb5 Rf7 34. Rxb7 Nf5 35. Rf1 Nd6 36. Rb8+ Rxb8 37. Nxb8 f5 38. Rd1 Rf6 39. c4 Rxh6 40. c5 Ne8 41. Rd8 Re6 42. c6 Kg7 43. Rd7+ Kg6 44. c7 Nxc7 45. Rxc7 f4 46. Rc3 Re3 47. Kb2 Re2+ 48. Kb3 Kg5 49. Nc6 Kh4 50. Nd4 Rg2 51. Ne6 Rf2 52. Nc5 f3 53. Ne4 Re2 1/2-1/2

[Event "Oberliga Nord O 2223"]
[Site "Germany"]
[Date "2022.11.06"]
[Round "5.4"]
[White "Jahn, Thomas"]
[Black "Stopsack, Malte"]
[Result "1-0"]
[WhiteElo "2164"]
[BlackElo "2189"]
[PlyCount "59"]
[EventDate "2022.10.23"]
[EventType "team-tourn"]
[EventRounds "9"]
[EventCountry "GER"]
[SourceTitle "EXT 2025"]
[Source "ChessBase"]
[SourceDate "2024.10.14"]
[SourceVersion "1"]
[SourceVersionDate "2024.10.14"]
[SourceQuality "1"]
[WhiteTeam "Berlin Empor"]
[BlackTeam "Greifswald"]
[WhiteTeamCountry "GER"]
[BlackTeamCountry "GER"]

1. e4 g6 2. d4 Bg7 3. Nc3 d6 4. Be3 a6 5. Qd2 b5 6. f3 Nd7 7. h4 h6 8. Nh3 Bb7 9. a4 b4 10. Nd1 c5 11. c3 bxc3 12. bxc3 e5 13. Bc4 Qxh4+ 14. Nhf2 Qe7 15. Rb1 Bc8 16. dxc5 dxc5 17. Nd3 Ngf6 18. g4 g5 19. Bf2 0-0 20. Ne3 Nh7 21. Nd5 Qd6 22. Qe3 Rb8 23. Rxb8 Qxb8 24. Kf1 Re8 25. Kg2 Nhf8 26. Nxc5 Nb6 27. Rb1 Nxc4 28. Rxb8 Nxe3+ 29. Bxe3 Nd7 30. Rxc8 1-0

[Event "Oberliga Nord O 2122"]
[Site "Germany"]
[Date "2021.11.21"]
[Round "2.7"]
[White "Jahn, Thomas"]
[Black "Acikel, Mert"]
[Result "0-1"]
[WhiteElo "2166"]
[BlackElo "2162"]
[PlyCount "64"]
[EventDate "2021.10.31"]
[EventType "team-tourn"]
[EventRounds "9"]
[EventCountry "GER"]
[SourceTitle "EXT 2023"]
[Source "ChessBase"]
[SourceDate "2022.10.05"]
[SourceVersion "1"]
[SourceVersionDate "2022.10.05"]
[SourceQuality "1"]
[WhiteTeam "Berlin Empor"]
[BlackTeam "Koenig Tegel II"]
[WhiteTeamCountry "GER"]
[BlackTeamCountry "GER"]

1. e4 e5 2. f4 d5 3. exd5 exf4 4. Nf3 Nf6 5. Bc4 Qe7+ 6. Qe2 Qxe2+ 7. Kxe2 Bd6 8. Nc3 a6 9. d4 b5 10. Bb3 Bb7 11. Kd3 0-0 12. Ne5 c5 13. dxc6 Nxc6 14. Nxc6 Bxc6 15. d5 Bd7 16. Rf1 Bf5+ 17. Kd2 Rfe8 18. Ne2 Ne4+ 19. Kd1 Bg4 20. Bxf4 Nc5 21. Rf3 Bxf3 22. gxf3 Rxe2 23. Bxd6 Rae8 24. Bxc5 Re1+ 25. Kd2 Rxa1 26. d6 Rd8 27. Bd5 Rh1 28. b4 Rxh2+ 29. Kd3 Rh6 30. Ke4 Rhxd6 31. c4 bxc4 32. Bxc4 h5 0-1

[Event "Oberliga Nord O 1920"]
[Site "Germany"]
[Date "2020.01.18"]
[Round "6.7"]
[White "Jahn, Thomas"]
[Black "Lehmann, Klaus"]
[Result "1/2-1/2"]
[WhiteElo "2208"]
[BlackElo "2240"]
[PlyCount "93"]
[EventDate "2019.09.29"]
[EventType "team-tourn"]
[EventRounds "9"]
[EventCountry "GER"]
[SourceTitle "CBM 195 Extra"]
[Source "ChessBase"]
[SourceDate "2020.05.31"]
[SourceVersion "1"]
[SourceVersionDate "2020.05.31"]
[SourceQuality "1"]

1. e4 c6 2. d4 d5 3. Nc3 dxe4 4. Nxe4 Nd7 5. Ng5 Ngf6 6. Bd3 e6 7. N1f3 Bd6 8. Qe2 h6 9. Ne4 Nxe4 10. Qxe4 Nf6 11. Qe2 Nd5 12. Ne5 Qc7 13. Bd2 Bd7 14. f4 Bxe5 15. fxe5 c5 16. 0-0 cxd4 17. Rf2 Qb6 18. c4 Ne3 19. b4 0-0-0 20. Rxf7 Rhf8 21. c5 Qc6 22. Rxf8 Rxf8 23. Bxe3 dxe3 24. Qxe3 Qa4 25. Rb1 Bb5 26. Bxb5 Qxb5 27. Qb3 Re8 28. Qc2 Rd8 29. Qf2 Qc4 30. b5 Qd3 31. Qe1 Rd5 32. b6 a6 33. Rc1 Qd4+ 34. Qf2 Qxf2+ 35. Kxf2 Rxe5 36. c6 Rb5 37. cxb7+ Kxb7 38. Rc7+ Kxb6 39. Rxg7 Rb2+ 40. Kf3 Kc5 41. Rg6 Kd4 42. Rxh6 Rxa2 43. g4 Ke5 44. g5 Kf5 45. h4 Ra3+ 46. Kf2 Ra2+ 47. Kf3 1/2-1/2

[Event "Oberliga Nord O 1819"]
[Site "Germany"]
[Date "2019.03.24"]
[Round "8.8"]
[White "Syre, Christian"]
[Black "Jahn, Thomas"]
[Result "0-1"]
[WhiteElo "2174"]
[BlackElo "2197"]
[PlyCount "114"]
[EventDate "2018.10.21"]
[EventType "team-tourn"]
[EventRounds "9"]
[EventCountry "GER"]
[SourceTitle "EXT 2020"]
[Source "ChessBase"]
[SourceDate "2019.10.17"]
[SourceVersion "1"]
[SourceVersionDate "2019.10.17"]
[SourceQuality "1"]
[WhiteTeam "Oberschoeneweide"]
[BlackTeam "Berlin Empor"]
[WhiteTeamCountry "GER"]
[BlackTeamCountry "GER"]

1. d4 Nf6 2. c4 g6 3. Nc3 Bg7 4. e4 d6 5. f3 0-0 6. Be3 a6 7. Bd3 c5 8. Nge2 Nc6 9. d5 Ne5 10. a4 e6 11. 0-0 exd5 12. cxd5 Nh5 13. Qd2 Nxd3 14. Qxd3 f5 15. Qd2 Qf6 16. Bg5 Qf7 17. exf5 gxf5 18. Kh1 Qg6 19. f4 Bd7 20. Qd3 Nf6 21. Bxf6 Qxf6 22. Rab1 Rac8 23. b3 Rfe8 24. Rfc1 Re7 25. Ng1 Rce8 26. Nce2 b5 27. Ng3 Re3 28. Qf1 Qh4 29. Nh3 Qe7 30. Ng5 Bh6 31. Nh3 Qf7 32. Qd1 Qg6 33. Qf1 Bg7 34. Ng5 Bf6 35. Nf3 h5 36. Re1 h4 37. Rxe3 Rxe3 38. Ne2 Qe8 39. Neg1 Qe4 40. Nh3 Qxd5 41. Rd1 Qc6 42. Rd3 Rxd3 43. Qxd3 c4 44. axb5 axb5 45. bxc4 bxc4 46. Qb1 c3 47. Qa2+ Kg7 48. Nhg5 d5 49. Qc2 Qa4 50. Qc1 c2 51. Ne1 Qc4 52. Nxc2 Ba4 53. Qb1 Bxg5 54. Ne3 Qxf4 55. Qb7+ Kg6 56. Qa6+ Bf6 57. Qe6 Qe4 0-1

[Event "Oberliga Nord O 1819"]
[Site "Germany"]
[Date "2019.02.24"]
[Round "7.8"]
[White "Jahn, Thomas"]
[Black "Offermann, Fernando"]
[Result "0-1"]
[WhiteElo "2197"]
[BlackElo "2143"]
[PlyCount "114"]
[EventDate "2018.10.21"]
[EventType "team-tourn"]
[EventRounds "9"]
[EventCountry "GER"]
[SourceTitle "EXT 2020"]
[Source "ChessBase"]
[SourceDate "2019.10.17"]
[SourceVersion "1"]
[SourceVersionDate "2019.10.17"]
[SourceQuality "1"]
[WhiteTeam "Berlin Empor"]
[BlackTeam "Berlin SF III"]
[WhiteTeamCountry "GER"]
[BlackTeamCountry "GER"]

1. e4 c5 2. Nf3 d6 3. d4 cxd4 4. Nxd4 Nf6 5. Nc3 a6 6. Bg5 e6 7. f4 Be7 8. Qf3 Qc7 9. 0-0-0 Nbd7 10. g4 b5 11. Bxf6 Nxf6 12. g5 Nd7 13. a3 Qb6 14. h4 Rb8 15. b4 Bb7 16. h5 Rc8 17. Rh3 h6 18. g6 Bf6 19. gxf7+ Kxf7 20. Qe3 Rhd8 21. Be2 e5 22. Nf5 Qxe3+ 23. Rxe3 Nf8 24. Nxd6+ Rxd6 25. Rxd6 exf4 26. Rxf6+ Kxf6 27. Rd3 Ke5 28. Bg4 Re8 29. Rd1 Bc6 30. Rf1 Ne6 31. Ne2 Bxe4 32. Bxe6 Rxe6 33. Rxf4 Rc6 34. c3 Rxc3+ 35. Kd1 Rd3+ 36. Ke1 Bf5 37. Rf2 Rxa3 38. Rg2 Kf6 39. Rf2 Ra1+ 40. Kd2 Kg5 41. Nc3 Rg1 42. Ke3 Rg3+ 43. Kd4 Rd3+ 44. Ke5 Bh3 45. Nd5 Ra3 46. Rf7 Kxh5 47. Rxg7 Kh4 48. Rg1 h5 49. Kf4 Ra2 50. Rh1 Rf2+ 51. Ke3 Rf1 52. Rh2 Kg3 53. Rc2 Bg4 54. Rc7 Re1+ 55. Kd4 Bf3 56. Rg7+ Kf2 57. Nf4 Re4+ 0-1

[Event "Berlin Lichtenberger op 16th"]
[Site "Berlin"]
[Date "2017.08.22"]
[Round "4"]
[White "Jahn, Thomas"]
[Black "Jess, Arne"]
[Result "1-0"]
[WhiteElo "2191"]
[BlackElo "1862"]
[PlyCount "59"]
[EventDate "2017.08.19"]
[EventType "swiss"]
[EventRounds "9"]
[EventCountry "GER"]
[SourceTitle "CBM 180 Extra"]
[Source "ChessBase"]
[SourceDate "2017.10.06"]
[SourceVersion "1"]
[SourceVersionDate "2017.10.06"]
[SourceQuality "1"]

1. e4 c5 2. Nf3 d6 3. d4 cxd4 4. Nxd4 Nf6 5. Nc3 g6 6. Be3 Bg7 7. Be2 Nc6 8. Nb3 a6 9. 0-0 0-0 10. f4 b5 11. Bf3 Bb7 12. Qe2 Qc7 13. Rae1 Rfe8 14. Qf2 Rac8 15. Bb6 Qb8 16. Re2 Nd7 17. Be3 Rf8 18. Rd1 Rcd8 19. Red2 Nf6 20. Nd5 Rde8 21. c3 a5 22. Bb6 a4 23. Nc1 Nxd5 24. exd5 Nd8 25. a3 Ba6 26. Nd3 e5 27. dxe6 Rxe6 28. Nb4 Bb7 29. Bg4 f5 30. Be2 1-0

[Event "Berlin Lichtenberger op 15th"]
[Site "Berlin"]
[Date "2016.08.17"]
[Round "5"]
[White "Jahn, Thomas"]
[Black "Ross, Chris Neil"]
[Result "1/2-1/2"]
[WhiteElo "2195"]
[BlackElo "2199"]
[PlyCount "64"]
[EventDate "2016.08.13"]
[EventType "swiss"]
[EventRounds "9"]
[EventCountry "GER"]
[SourceTitle "CBM 173 Extra"]
[Source "ChessBase"]
[SourceDate "2016.08.29"]
[SourceVersion "1"]
[SourceVersionDate "2016.08.29"]
[SourceQuality "1"]

1. e4 c5 2. Nf3 e6 3. d4 cxd4 4. Nxd4 Nc6 5. Nc3 Qc7 6. Be2 a6 7. 0-0 Nf6 8. Be3 Bb4 9. Na4 Bd6 10. g3 Be7 11. Nxc6 bxc6 12. Nb6 Rb8 13. Nxc8 Qxc8 14. e5 Nd5 15. Bc1 c5 16. Bf3 Nb4 17. Be4 0-0 18. c4 Nc6 19. Bxc6 Qxc6 20. b3 f6 21. Bf4 fxe5 22. Bxe5 d6 23. Bb2 Rf3 24. Qe2 e5 25. Rad1 Rbf8 26. Bc1 h5 27. Rd5 Qc8 28. Qe4 Qh3 29. Rd3 Rxd3 30. Qxd3 h4 31. Qg6 hxg3 32. hxg3 Qf5 1/2-1/2

[Event "Oberliga Nord O 0304"]
[Site "Germany"]
[Date "2003.11.23"]
[Round "3.5"]
[White "Jahn, Thomas"]
[Black "Puhlmann, Rainer"]
[Result "0-1"]
[WhiteElo "2208"]
[BlackElo "2169"]
[PlyCount "70"]
[EventDate "2003.10.12"]
[EventType "team-tourn"]
[EventRounds "9"]
[EventCountry "GER"]
[SourceTitle "EXT 2005"]
[Source "ChessBase"]
[SourceDate "2004.11.15"]
[SourceVersion "1"]
[SourceVersionDate "2004.11.15"]
[SourceQuality "1"]
[WhiteTeam "Berlin Empor"]
[BlackTeam "Potsdam Empor"]
[WhiteTeamCountry "GER"]
[BlackTeamCountry "GER"]

1. e4 e6 2. d4 d5 3. Nd2 dxe4 4. Nxe4 Nd7 5. Bd3 Be7 6. Qe2 Ngf6 7. Nxf6+ Nxf6 8. Nf3 0-0 9. Bd2 b6 10. 0-0-0 Bb7 11. Bg5 Qd5 12. Kb1 Qa5 13. h4 b5 14. Bxf6 Bxf6 15. Ng5 g6 16. Be4 Bxe4 17. Nxe4 Bg7 18. h5 b4 19. Nc5 Rfe8 20. Qg4 Qb5 21. hxg6 hxg6 22. Ne4 Rad8 23. Qh4 Qf5 24. Ng5 Rd5 25. f4 Red8 26. Nf3 c5 27. Ne5 Qf6 28. Nc6 R8d7 29. Qh7+ Kf8 30. Nb8 Rxd4 31. Nxd7+ Rxd7 32. c3 Qf5+ 33. Kc1 Rxd1+ 34. Rxd1 bxc3 35. bxc3 Qxf4+ 0-1

[Event "Oberliga Nord O 0304"]
[Site "Germany"]
[Date "2003.10.12"]
[Round "1.5"]
[White "Jahn, Thomas"]
[Black "Gerschau, Claudio"]
[Result "1/2-1/2"]
[WhiteElo "2208"]
[BlackElo "2179"]
[PlyCount "135"]
[EventDate "2003.10.12"]
[EventType "team-tourn"]
[EventRounds "9"]
[EventCountry "GER"]
[SourceTitle "EXT 2005"]
[Source "ChessBase"]
[SourceDate "2004.11.15"]
[SourceVersion "1"]
[SourceVersionDate "2004.11.15"]
[SourceQuality "1"]
[WhiteTeam "Berlin Empor"]
[BlackTeam "Weisse Dame"]
[WhiteTeamCountry "GER"]
[BlackTeamCountry "GER"]

1. e4 e6 2. d4 d5 3. Nc3 Bb4 4. e5 c5 5. dxc5 Ne7 6. Nf3 Nbc6 7. Bd3 Ng6 8. 0-0 Ncxe5 9. Nxe5 Nxe5 10. Bb5+ Bd7 11. Qd4 Bxc3 12. Bxd7+ Nxd7 13. Qxc3 Qf6 14. c6 bxc6 15. Qxc6 Qd8 16. Bg5 Qc8 17. Qa4 0-0 18. Rac1 Qb7 19. c4 Nb6 20. Qb5 dxc4 21. Rxc4 Qd5 22. Qxd5 Nxd5 23. Rfc1 f6 24. Bd2 Rfd8 25. Ba5 Rd7 26. Kf1 Kf7 27. g3 Rb8 28. b3 e5 29. Ke2 Rbb7 30. f3 Ke6 31. Rc6+ Rd6 32. Rxd6+ Kxd6 33. Rc8 Rb5 34. Be1 Ne7 35. Rh8 h6 36. Bf2 Nc6 37. Rg8 Rb7 38. Kd2 Kd5 39. Rc8 f5 40. Rf8 Ke6 41. h4 Rc7 42. Bc5 h5 43. b4 g6 44. a4 Nd4 45. Bxd4 exd4 46. a5 Kd5 47. a6 Rc6 48. b5 Rb6 49. Rf7 Rxb5 50. Rxa7 Rb2+ 51. Kd3 Rb3+ 52. Kc2 Rc3+ 53. Kb2 Rc6 54. Kb3 Kc5 55. Ra8 Kb5 56. a7 Kb6 57. Rd8 Rc3+ 58. Kb4 Kxa7 59. Rd6 Rxf3 60. Rxg6 f4 61. g4 Rh3 62. gxh5 Rxh4 63. Rf6 Rxh5 64. Rxf4 d3 65. Rd4 Rh3 66. Kc3 Kb6 67. Rxd3 Rxd3+ 68. Kxd3 1/2-1/2

[Event "Oberliga Nord O 0203"]
[Site "Germany"]
[Date "2003.03.30"]
[Round "9.8"]
[White "Dimitrijeski, Kristian"]
[Black "Jahn, Thomas"]
[Result "1/2-1/2"]
[WhiteElo "2152"]
[BlackElo "2217"]
[PlyCount "51"]
[EventDate "2002.10.20"]
[EventType "team-tourn"]
[EventRounds "9"]
[EventCountry "GER"]
[SourceTitle "EXT 2009"]
[Source "ChessBase"]
[SourceDate "2008.11.26"]
[SourceVersion "1"]
[SourceVersionDate "2008.11.26"]
[SourceQuality "1"]
[WhiteTeam "Neukoelln "]
[BlackTeam "Berlin Empor"]
[WhiteTeamCountry "GER"]
[BlackTeamCountry "GER"]

1. d4 g6 2. c4 Bg7 3. e4 d6 4. Nc3 Nf6 5. Nf3 0-0 6. Be2 e5 7. dxe5 dxe5 8. Qxd8 Rxd8 9. Bg5 Nbd7 10. 0-0-0 Rf8 11. Ne1 Nc5 12. f3 Ne6 13. Be3 c5 14. Nc2 Nd4 15. Rhe1 a6 16. Nd5 b5 17. Nxd4 cxd4 18. Bg5 Nxd5 19. cxd5 h5 20. Kb1 Bd7 21. Rc1 Rfc8 22. Rxc8+ Rxc8 23. Rc1 Kh7 24. Rxc8 Bxc8 25. Kc2 f6 26. Bd2 1/2-1/2

[Event "Oberliga Nord O 0203"]
[Site "Germany"]
[Date "2002.12.15"]
[Round "3.8"]
[White "Jahn, Thomas"]
[Black "Lorenz, Joerg"]
[Result "0-1"]
[WhiteElo "2217"]
[BlackElo "2182"]
[PlyCount "88"]
[EventDate "2002.10.20"]
[EventType "team-tourn"]
[EventRounds "9"]
[EventCountry "GER"]
[SourceTitle "EXT 2009"]
[Source "ChessBase"]
[SourceDate "2008.11.26"]
[SourceVersion "1"]
[SourceVersionDate "2008.11.26"]
[SourceQuality "1"]
[WhiteTeam "Berlin Empor"]
[BlackTeam "Oberschoeneweide"]
[WhiteTeamCountry "GER"]
[BlackTeamCountry "GER"]

1. e4 e6 2. d4 d5 3. Nc3 Nf6 4. e5 Nfd7 5. f4 c5 6. Nce2 Nc6 7. c3 cxd4 8. cxd4 Bb4+ 9. Bd2 Qa5 10. Nf3 Bxd2+ 11. Qxd2 Qxd2+ 12. Kxd2 Nb6 13. Nc3 a6 14. Rc1 Bd7 15. Ke3 Rc8 16. Ne1 Ne7 17. Nf3 Na4 18. Kd2 Nxb2 19. Rb1 Na4 20. Nxa4 Bxa4 21. Rxb7 Rc2+ 22. Kd3 0-0 23. Rxe7 Rfc8 24. Ke3 R8c3+ 25. Bd3 Rxa2 26. Rb7 g6 27. Rhb1 Bc2 28. Ne1 Bxb1 29. Rxb1 a5 30. h4 a4 31. h5 a3 32. h6 Rb2 33. Ra1 a2 34. f5 exf5 35. Kf4 Kf8 36. g4 fxg4 37. e6 f5 38. Ke5 Ke7 39. Kxd5 g3 40. Ke5 g2 41. Nxg2 Rxg2 42. Bb5 Rb2 43. Bd7 Re3+ 44. Kf4 Re4+ 0-1